Every Song by Saosin - Statistics

General Stats
  • This quiz has been taken 9 times
    2 since last reset
  • The average score is 9 of 57
Answer Stats
Album Song % Correct
Saosin(2006) Collapse
100%
Translating the Name(2003) Seven Years
100%
Translating the Name(2003) Translating the Name
100%
Saosin(2006) Voices
100%
Saosin(2006) Bury Your Head
50%
Saosin(2006) Finding Home
50%
Saosin(2006) It's Far Better to Learn
50%
Saosin(2006) It's So Simple
50%
Non-Album(2003) Mookies Last Christmas
50%
Saosin(2006) Sleepers
50%
Non-Album(2026) Starting Over Again
50%
Along the Shadow(2016) The Silver String
50%
Saosin(2006) You're Not Alone
50%
Translating the Name(2003) 3rd Measurement in C
0%
Along the Shadow(Bonus)(2016) Along the Shadow of Man
0%
In Search of Solid Ground(Bonus)(2009) Brikka Brikka
0%
In Search of Solid Ground(Bonus)(2009) Bury Me
0%
In Search of Solid Ground(2009) Changing
0%
Saosin(2006) Come Close
0%
Along the Shadow(2016) Control and the Urge to Pray
0%
Along the Shadow(2016) Count Back from TEN
0%
In Search of Solid Ground(2009) Deep Down
0%
Along the Shadow(Bonus)(2016) Drinking from the Fountain
0%
In Search of Solid Ground(Bonus)(2009) Exfoliator
0%
In Search of Solid Ground(2009) Fireflies (Light Messengers)
0%
Saosin(2006) Follow and Feel
0%
Non-Album(2020) I Can Tell There Was an Accident Here Earlier
0%
Along the Shadow(2016) Ideology Is Theft
0%
In Search of Solid Ground(2009) I Keep My Secrets Safe
0%
Along the Shadow(2016) Illusion & Control
0%
Saosin(2006) I Never Wanted To
0%
In Search of Solid Ground(2009) Is This Real
0%
In Search of Solid Ground(2009) It's All Over Now
0%
Saosin(2005) I Wanna Hear Another Fast Song
0%
The Grey(2009) Keep Secrets
0%
Saosin(Bonus)(2006) Let Go Control
0%
Saosin(Bonus)(2006) Lost Symphonies
0%
The Grey(2009) Love Maker
0%
In Search of Solid Ground(Bonus)(2009) Move Slow
0%
Saosin(2005) New Angel
0%
In Search of Solid Ground(2009) Nothing Is What It Seems (Without You)
0%
Along the Shadow(2016) Old Friends
0%
In Search of Solid Ground(2009) On My Own
0%
Along the Shadow(2016) Racing Toward a Red Light
0%
In Search of Solid Ground(2009) Say Goodbye
0%
Along the Shadow(2016) Second Guesses
0%
Saosin(2006) Some Sense of Security
0%
Along the Shadow(2016) Sore Distress
0%
In Search of Solid Ground(2009) The Alarming Sound of a Still Small Voice
0%
Along the Shadow(2016) The Secret Meaning of Freedom
0%
Along the Shadow(2016) The Stutter Says a Lot
0%
In Search of Solid Ground(2009) The Worst of Me
0%
Translating the Name(2003) They Perched on Their Stilts, Pointing and Daring Me to Break Custom
0%
In Search of Solid Ground(2009) What Were We Made For?
0%
In Search of Solid Ground(2009) Why Can't You See
0%
In Search of Solid Ground(Bonus)(2009) Write Something Heavy and Fast
0%
In Search of Solid Ground(Bonus)(2009) You Never Noticed Me
0%
No matching quizzes found
Score Distribution
Percent of People with Each Score
Percentile by Number Answered
Your Score History
You have not taken this quiz since the last reset